Kyle in trouble : level 2G

Bibliographic Details
Main Author: Hamm, Melanie
Other Authors: King, Sue
Format: Book
Published: London : Ticktock , 2012
Series:I love reading phonics
Subjects:

MARC

LEADER 00000cam a2200000 7i4500
001 0000201213
005 20160215.0
020 |a 9781848985551 
090 0 0 |a JF   |b HAM 
100 1 |a Hamm, Melanie 
245 1 0 |a Kyle in trouble :   |b level 2G   |c Melanie Hamm ; illustrated by Sue King 
260 |a London :   |b Ticktock ,   |c 2012 
300 |a 1 v. (unpaged) :   |b ill. ;   |c 21cm. 
490 0 |a I love reading phonics 
650 0 |a Children's stories 
700 1 |a King, Sue 
999 |a 00315560   |b BUKU   |c PINJAMAN   |e PERPUSTAKAAN KOMUNITI PETALING JAYA